Investigating the Perceived Importance and Motivation of the Students of the EUBA Faculty of Commerce Towards the Deposit Refund System

Článok sa zaoberá ekologickým povedomím a spotrebiteľským správaním. Cieľom článku je preskúmať kohortu študentov Ekonomickej univerzity v Bratislave, konkrétne študentov Obchodnej fakulty, v kontexte ekologického správania. V článku sa zameriavame na identifikáciu vnímanej dôležitosti a motivácie p...

Description complète

Enregistré dans:
Détails bibliographiques
Auteur principal: Barilová, Barbara, 1997-
Format: Chapitre de livre
Langue:anglais
Sujets:
Tags: Ajouter un tag
Pas de tags, Soyez le premier à ajouter un tag!

MARC

LEADER 00000naa$a2200000$$$4500
001 0296592
005 20251105104131.1
041 0 |a eng 
044 |a CZ 
245 1 0 |a Investigating the Perceived Importance and Motivation of the Students of the EUBA Faculty of Commerce Towards the Deposit Refund System  |c Barbara Barilová 
520 |a Článok sa zaoberá ekologickým povedomím a spotrebiteľským správaním. Cieľom článku je preskúmať kohortu študentov Ekonomickej univerzity v Bratislave, konkrétne študentov Obchodnej fakulty, v kontexte ekologického správania. V článku sa zameriavame na identifikáciu vnímanej dôležitosti a motivácie pre zálohový systém v kontexte pohlavia a vzdelania študenta. 
610 2 0 |a hospodárstvo obehové 
610 2 0 |a správanie spotrebiteľa 
610 2 0 |a udržateľnosť 
610 2 0 |a ekológia 
100 1 |a Barilová, Barbara, 1997-